[Event "Women's Baku Chess Olympiad"]
[Site "chess24.com"]
[Date "2016.09.13"]
[Round "11"]
[White "Zhukova, Natalia"]
[Black "Nikolova, Adriana"]
[Result "1/2-1/2"]
[Board "3"]
[WhiteID "14101513"]
[WhiteElo "2475"]
[WhiteTitle "GM"]
[WhiteCountry "UKR"]
[WhiteFideId "14101513"]
[WhiteEloChange "-2"]
[BlackID "2908689"]
[BlackElo "2358"]
[BlackTitle "WGM"]
[BlackCountry "BUL"]
[BlackFideId "2908689"]
[BlackEloChange "3"]

1. Nf3 {[%clk 1:30:56]} d5 {[%clk 1:30:53]} 2. d4 {[%clk 1:31:11]} Nf6 {[%clk
1:31:13]} 3. c4 {[%clk 1:31:24]} c6 {[%clk 1:31:37]} 4. Nc3 {[%clk 1:31:28]} dxc4
{[%clk 1:31:48]} 5. a4 {[%clk 1:31:42]} Bf5 {[%clk 1:32:09]} 6. Ne5 {[%clk
1:31:35]} Nbd7 {[%clk 1:32:32]} 7. Nxc4 {[%clk 1:31:56]} Qc7 {[%clk 1:32:55]} 8.
g3 {[%clk 1:31:22]} e5 {[%clk 1:33:12]} 9. dxe5 {[%clk 1:31:30]} Nxe5 {[%clk
1:33:36]} 10. Bf4 {[%clk 1:31:45]} Nfd7 {[%clk 1:34:00]} 11. Bg2 {[%clk 1:31:51]}
g5 {[%clk 1:34:05]} 12. Ne3 {[%clk 1:31:40]} gxf4 {[%clk 1:34:29]} 13. Nxf5
{[%clk 1:32:05]} O-O-O {[%clk 1:34:37]} 14. Qc2 {[%clk 1:31:32]} Kb8 {[%clk
1:34:54]} 15. gxf4 {[%clk 1:10:00]} Nc4 {[%clk 1:35:08]} 16. Rd1 {[%clk 1:01:06]}
Rg8 {[%clk 1:21:12]} 17. Bh3 {[%clk 0:47:05]} Nc5 {[%clk 1:01:39]} 18. Rxd8+
{[%clk 0:46:12]} Qxd8 {[%clk 1:02:04]} 19. Ng3 {[%clk 0:44:22]} Qh4 {[%clk
0:43:51]} 20. Qf5 {[%clk 0:35:34]} Nd6 {[%clk 0:44:00]} 21. Qxc5 {[%clk 0:35:47]}
Qxh3 {[%clk 0:44:16]} 22. Qe5 {[%clk 0:33:07]} Kc8 {[%clk 0:32:45]} 23. Nce4
{[%clk 0:22:05]} Qe6 {[%clk 0:30:01]} 24. Qxe6+ {[%clk 0:21:06]} fxe6 {[%clk
0:30:25]} 25. Nxd6+ {[%clk 0:20:19]} Bxd6 {[%clk 0:30:50]} 26. e3 {[%clk
0:20:35]} b5 {[%clk 0:28:38]} 27. axb5 {[%clk 0:16:29]} cxb5 {[%clk 0:29:01]} 28.
Ke2 {[%clk 0:16:57]} Rg7 {[%clk 0:24:00]} 29. Rd1 {[%clk 0:14:18]} Kc7 {[%clk
0:23:38]} 30. f5 {[%clk 0:09:17]} Bxg3 {[%clk 0:07:09]} 31. hxg3 {[%clk 0:09:41]}
exf5 {[%clk 0:07:32]} 32. Rd5 {[%clk 0:10:07]} Kb6 {[%clk 0:05:28]} 33. Rxf5
{[%clk 0:09:58]} a5 {[%clk 0:05:54]} 34. e4 {[%clk 0:04:46]} a4 {[%clk 0:06:11]}
35. e5 {[%clk 0:01:30]} b4 {[%clk 0:04:28]} 36. Kd3 {[%clk 0:01:58]} Rc7 {[%clk
0:03:54]} 37. Rf6+ {[%clk 0:01:19]} Kb5 {[%clk 0:02:35]} 38. Rf8 {[%clk 0:01:36]}
Ra7 {[%clk 0:00:50]} 39. Rb8+ {[%clk 0:00:40]} Kc5 {[%clk 0:01:07]} 40. Ke4
{[%clk 0:30:43]} a3 {[%clk 0:30:48]} 41. Rc8+ {[%clk 0:27:39]} Kb5 {[%clk
0:29:02]} 42. bxa3 {[%clk 0:28:03]} bxa3 {[%clk 0:29:28]} 43. Rc1 {[%clk
0:28:08]} a2 {[%clk 0:28:07]} 44. Ra1 {[%clk 0:24:07]} Kc6 {[%clk 0:28:32]} 45.
f4 {[%clk 0:14:42]} Kd7 {[%clk 0:28:21]} 46. Kd4 {[%clk 0:13:03]} Ke7 {[%clk
0:19:51]} 47. Kc4 {[%clk 0:12:37]} Ra3 {[%clk 0:19:53]} 48. Kb4 {[%clk 0:12:37]}
Rxg3 {[%clk 0:19:32]} 49. Rxa2 {[%clk 0:13:02]} Rf3 {[%clk 0:15:11]} 50. Ra7+
{[%clk 0:13:19]} Kf8 {[%clk 0:10:37]} 51. Kc5 {[%clk 0:13:21]} Rxf4 {[%clk
0:11:04]} 52. Kd6 {[%clk 0:12:43]} Rd4+ {[%clk 0:10:29]} 53. Ke6 {[%clk 0:13:05]}
Rb4 {[%clk 0:09:21]} 54. Ra8+ {[%clk 0:04:52]} Kg7 {[%clk 0:09:47]} 55. Kd7
{[%clk 0:05:09]} Rd4+ {[%clk 0:06:57]} 56. Ke7 {[%clk 0:05:33]} h5 {[%clk
0:07:02]} 57. e6 {[%clk 0:05:45]} h4 {[%clk 0:07:27]} 58. Ra1 {[%clk 0:04:04]}
Kg6 {[%clk 0:01:46]} 59. Ke8 {[%clk 0:02:48]} Kf5 {[%clk 0:00:46]} 60. e7 {[%clk
0:03:12]} Re4 {[%clk 0:00:47]} 61. Kf7 {[%clk 0:03:23]} h3 {[%clk 0:00:44]} 62.
Ra5+ {[%clk 0:03:18]} Kg4 {[%clk 0:00:38]} 63. e8Q {[%clk 0:00:47]} Rxe8 {[%clk
0:01:05]} 64. Kxe8 {[%clk 0:01:11]} h2 {[%clk 0:01:29]} 65. Ra1 {[%clk 0:01:38]}
1/2-1/2

[Event "Women's Baku Chess Olympiad"]
[Site "chess24.com"]
[Date "2016.09.13"]
[Round "11"]
[White "Zatonskih, Anna"]
[Black "Tania, Sachdev"]
[Result "0-1"]
[Board "3"]
[WhiteID "14101572"]
[WhiteElo "2449"]
[WhiteTitle "IM"]
[WhiteCountry "USA"]
[WhiteFideId "14101572"]
[WhiteEloChange "-6"]
[BlackID "5007844"]
[BlackElo "2402"]
[BlackTitle "IM"]
[BlackCountry "IND"]
[BlackFideId "5007844"]
[BlackEloChange "6"]

1. d4 {[%clk 1:30:57]} Nf6 {[%clk 1:30:48]} 2. c4 {[%clk 1:31:15]} e6 {[%clk
1:31:12]} 3. Nc3 {[%clk 1:31:18]} Bb4 {[%clk 1:31:11]} 4. Qc2 {[%clk 1:30:28]}
O-O {[%clk 1:31:07]} 5. a3 {[%clk 1:26:31]} Bxc3+ {[%clk 1:30:09]} 6. Qxc3 {[%clk
1:26:56]} d5 {[%clk 1:30:34]} 7. Bg5 {[%clk 1:23:06]} b6 {[%clk 1:26:24]} 8. e3
{[%clk 0:46:03]} dxc4 {[%clk 1:07:41]} 9. Bxc4 {[%clk 0:44:37]} Bb7 {[%clk
1:08:08]} 10. f3 {[%clk 0:31:45]} Nbd7 {[%clk 1:07:06]} 11. Ne2 {[%clk 0:32:02]}
Rc8 {[%clk 1:00:24]} 12. Qd3 {[%clk 0:27:19]} c5 {[%clk 0:56:04]} 13. O-O {[%clk
0:27:42]} cxd4 {[%clk 0:35:49]} 14. exd4 {[%clk 0:27:52]} Qe7 {[%clk 0:34:58]}
15. Nc3 {[%clk 0:22:25]} Rfd8 {[%clk 0:33:23]} 16. Qe2 {[%clk 0:19:50]} Nf8
{[%clk 0:30:29]} 17. Rad1 {[%clk 0:17:00]} h6 {[%clk 0:28:00]} 18. Bc1 {[%clk
0:16:04]} Nd5 {[%clk 0:26:13]} 19. Ne4 {[%clk 0:15:54]} Ng6 {[%clk 0:24:12]} 20.
Ba2 {[%clk 0:09:11]} Ngf4 {[%clk 0:22:09]} 21. Bxf4 {[%clk 0:09:35]} Nxf4 {[%clk
0:22:33]} 22. Qe3 {[%clk 0:09:05]} Qc7 {[%clk 0:20:48]} 23. Nc3 {[%clk 0:05:47]}
Rd7 {[%clk 0:17:27]} 24. Rd2 {[%clk 0:05:36]} Rcd8 {[%clk 0:13:28]} 25. Rfd1
{[%clk 0:06:00]} Nd5 {[%clk 0:08:45]} 26. Nxd5 {[%clk 0:04:42]} Bxd5 {[%clk
0:09:08]} 27. Bb1 {[%clk 0:04:39]} Bb7 {[%clk 0:07:40]} 28. Qd3 {[%clk 0:02:19]}
g6 {[%clk 0:07:47]} 29. Qe3 {[%clk 0:02:49]} Kg7 {[%clk 0:07:44]} 30. Ba2 {[%clk
0:02:46]} Bd5 {[%clk 0:03:34]} 31. Qe5+ {[%clk 0:01:13]} f6 {[%clk 0:03:55]} 32.
Qxc7 {[%clk 0:01:38]} Rxc7 {[%clk 0:04:24]} 33. Bxd5 {[%clk 0:01:33]} Rxd5 {[%clk
0:04:25]} 34. Kf2 {[%clk 0:02:03]} Kf7 {[%clk 0:02:31]} 35. Ke3 {[%clk 0:02:15]}
h5 {[%clk 0:01:17]} 36. g3 {[%clk 0:01:45]} Ke7 {[%clk 0:01:20]} 37. f4 {[%clk
0:01:17]} b5 {[%clk 0:01:02]} 38. Rd3 {[%clk 0:01:25]} a5 {[%clk 0:00:44]} 39.
Rc3 {[%clk 0:01:11]} Rcd7 {[%clk 0:00:56]} 40. b4 {[%clk 0:30:38]} axb4 {[%clk
0:30:51]} 41. axb4 {[%clk 0:31:04]} e5 {[%clk 0:26:20]} 42. fxe5 {[%clk 0:27:59]}
fxe5 {[%clk 0:26:41]} 43. Rcd3 {[%clk 0:22:38]} Ke6 {[%clk 0:26:43]} 44. Ke4
{[%clk 0:17:33]} Rc7 {[%clk 0:18:39]} 45. dxe5 {[%clk 0:11:03]} Rxe5+ {[%clk
0:17:57]} 46. Kf3 {[%clk 0:11:23]} Rf7+ {[%clk 0:17:02]} 47. Kg2 {[%clk 0:11:48]}
Re2+ {[%clk 0:17:25]} 48. Kg1 {[%clk 0:11:29]} Rff2 {[%clk 0:16:56]} 49. Rd6+
{[%clk 0:05:53]} Kf7 {[%clk 0:15:46]} 50. Rd7+ {[%clk 0:06:07]} Kf6 {[%clk
0:15:13]} 51. Rf1 {[%clk 0:04:26]} Rxf1+ {[%clk 0:14:38]} 52. Kxf1 {[%clk
0:04:55]} Re4 {[%clk 0:14:37]} 53. Rd6+ {[%clk 0:05:12]} Kf7 {[%clk 0:12:20]} 54.
Rb6 {[%clk 0:05:33]} Rxb4 {[%clk 0:12:43]} 55. Kf2 {[%clk 0:05:06]} Rb3 {[%clk
0:10:48]} 56. Kg2 {[%clk 0:03:54]} b4 {[%clk 0:10:37]} 57. Kh3 {[%clk 0:03:51]}
Rb2 {[%clk 0:08:10]} 58. Rb7+ {[%clk 0:03:35]} Kf6 {[%clk 0:08:16]} 59. Rb6+
{[%clk 0:04:01]} Kf5 {[%clk 0:07:32]} 60. Rb5+ {[%clk 0:04:22]} Kf6 {[%clk
0:05:27]} 61. Rb6+ {[%clk 0:04:27]} Kg5 {[%clk 0:05:39]} 62. Rb5+ {[%clk
0:04:35]} Kh6 {[%clk 0:06:04]} 63. Rb6 {[%clk 0:04:41]} b3 {[%clk 0:05:01]} 64.
g4 {[%clk 0:03:37]} Kg5 {[%clk 0:02:52]} 65. Rb5+ {[%clk 0:03:31]} Kf4 {[%clk
0:03:12]} 66. gxh5 {[%clk 0:03:30]} gxh5 {[%clk 0:03:05]} 67. Rxh5 {[%clk
0:03:53]} Rd2 {[%clk 0:03:13]} 68. Rb5 {[%clk 0:03:44]} b2 {[%clk 0:03:35]} 69.
Rb8 {[%clk 0:02:22]} Kf3 {[%clk 0:03:01]} 70. Rb7 {[%clk 0:02:01]} Rc2 {[%clk
0:01:45]} 71. Rb8 {[%clk 0:02:22]} Kf4 {[%clk 0:01:44]} 72. Rb7 {[%clk 0:02:11]}
Ke3 {[%clk 0:01:24]} 73. Kg3 {[%clk 0:02:33]} Kd2 {[%clk 0:01:33]} 74. h4 {[%clk
0:02:48]} Kc1 {[%clk 0:01:53]} 75. h5 {[%clk 0:02:34]} Rc4 {[%clk 0:02:11]} 76.
h6 {[%clk 0:02:08]} b1Q {[%clk 0:02:22]} 77. Rxb1+ {[%clk 0:02:33]} Kxb1 {[%clk
0:02:51]} 78. h7 {[%clk 0:02:54]} Rc8 {[%clk 0:03:19]} 0-1

[Event "Women's Baku Chess Olympiad"]
[Site "chess24.com"]
[Date "2016.09.13"]
[Round "11"]
[White "Klinova, Masha"]
[Black "Enkhtuul, Altan-Ulzii"]
[Result "1-0"]
[Board "3"]
[WhiteID "2802015"]
[WhiteElo "2290"]
[WhiteTitle "IM"]
[WhiteCountry "ISR"]
[WhiteFideId "2802015"]
[WhiteEloChange "10"]
[BlackID "4901444"]
[BlackElo "2288"]
[BlackTitle "WGM"]
[BlackCountry "MGL"]
[BlackFideId "4901444"]
[BlackEloChange "-10"]

1. e4 {[%clk 1:30:57]} Nf6 {[%clk 1:30:05]} 2. e5 {[%clk 1:31:19]} Nd5 {[%clk
1:30:31]} 3. d4 {[%clk 1:31:47]} d6 {[%clk 1:30:57]} 4. c4 {[%clk 1:31:55]} Nb6
{[%clk 1:31:22]} 5. exd6 {[%clk 1:32:21]} exd6 {[%clk 1:31:49]} 6. Nc3 {[%clk
1:32:26]} Be7 {[%clk 1:32:14]} 7. h3 {[%clk 1:30:36]} O-O {[%clk 1:30:53]} 8. Nf3
{[%clk 1:28:06]} Bf6 {[%clk 1:31:07]} 9. Be3 {[%clk 1:27:23]} Bf5 {[%clk
1:27:21]} 10. b3 {[%clk 1:11:13]} Re8 {[%clk 1:26:22]} 11. Be2 {[%clk 1:07:43]}
Nc6 {[%clk 1:17:20]} 12. O-O {[%clk 1:00:51]} a6 {[%clk 1:16:57]} 13. Qd2 {[%clk
1:00:51]} d5 {[%clk 1:15:51]} 14. c5 {[%clk 1:00:23]} Nc8 {[%clk 1:16:15]} 15.
Rfe1 {[%clk 0:59:16]} h6 {[%clk 1:13:35]} 16. Bf4 {[%clk 0:51:04]} Be4 {[%clk
1:10:45]} 17. Rad1 {[%clk 0:47:48]} N8e7 {[%clk 1:07:14]} 18. Ne5 {[%clk
0:45:14]} Bxe5 {[%clk 0:55:25]} 19. dxe5 {[%clk 0:36:25]} Ng6 {[%clk 0:54:37]}
20. Nxe4 {[%clk 0:33:19]} dxe4 {[%clk 0:54:42]} 21. e6 {[%clk 0:33:11]} Qxd2
{[%clk 0:29:37]} 22. exf7+ {[%clk 0:32:16]} Kxf7 {[%clk 0:30:06]} 23. Bxd2 {[%clk
0:28:33]} Rad8 {[%clk 0:27:06]} 24. Bc3 {[%clk 0:25:00]} Nge5 {[%clk 0:18:52]}
25. Rxd8 {[%clk 0:23:14]} Rxd8 {[%clk 0:19:18]} 26. Bf1 {[%clk 0:21:53]} Nd3
{[%clk 0:11:12]} 27. Rxe4 {[%clk 0:21:58]} Nxc5 {[%clk 0:11:31]} 28. Bc4+ {[%clk
0:22:08]} Kf8 {[%clk 0:08:21]} 29. Rf4+ {[%clk 0:21:40]} Ke8 {[%clk 0:08:44]} 30.
Bxg7 {[%clk 0:21:28]} Rd1+ {[%clk 0:09:10]} 31. Kh2 {[%clk 0:21:47]} b5 {[%clk
0:09:31]} 32. Bf7+ {[%clk 0:19:43]} Kd7 {[%clk 0:04:45]} 33. Bxh6 {[%clk
0:15:56]} Nd3 {[%clk 0:02:43]} 34. Bh5 {[%clk 0:14:16]} Ra1 {[%clk 0:02:50]} 35.
Bg4+ {[%clk 0:12:05]} Kd8 {[%clk 0:02:25]} 36. Bg5+ {[%clk 0:11:34]} Ke8 {[%clk
0:02:54]} 37. Rf6 {[%clk 0:09:22]} Nd4 {[%clk 0:01:21]} 38. Be3 {[%clk 0:07:08]}
Nc2 {[%clk 0:00:45]} 39. Rxa6 {[%clk 0:04:50]} Ndb4 {[%clk 0:00:37]} 40. Re6+
{[%clk 0:34:21]} Kf7 {[%clk 0:31:06]} 41. Bc5 {[%clk 0:32:22]} Rxa2 {[%clk
0:22:51]} 42. Re7+ {[%clk 0:31:18]} Kf6 {[%clk 0:22:03]} 43. Rxc7 {[%clk
0:31:05]} Nd3 {[%clk 0:18:32]} 44. h4 {[%clk 0:28:55]} Nxc5 {[%clk 0:07:54]} 45.
Rxc5 {[%clk 0:29:16]} Nd4 {[%clk 0:08:14]} 46. Rd5 {[%clk 0:25:57]} Rd2 {[%clk
0:08:00]} 47. b4 {[%clk 0:25:10]} Rd3 {[%clk 0:07:09]} 48. g3 {[%clk 0:23:58]}
Rd2 {[%clk 0:05:59]} 49. Kg2 {[%clk 0:24:19]} Ke7 {[%clk 0:05:28]} 50. h5 {[%clk
0:24:28]} Kf6 {[%clk 0:05:27]} 51. h6 {[%clk 0:23:59]} Kg6 {[%clk 0:05:17]} 52.
Rd6+ {[%clk 0:24:07]} Kf7 {[%clk 0:05:27]} 53. Rd7+ {[%clk 0:21:19]} Kg8 {[%clk
0:05:05]} 54. h7+ {[%clk 0:21:22]} Kh8 {[%clk 0:05:30]} 55. Bf5 {[%clk 0:21:26]}
Nf3 {[%clk 0:03:58]} 56. Kxf3 {[%clk 0:21:27]} Rxf2+ {[%clk 0:04:25]} 57. Ke4
{[%clk 0:15:12]} Rf4+ {[%clk 0:04:36]} 58. Kd3 {[%clk 0:12:35]} Rf3+ {[%clk
0:04:12]} 59. Kd4 {[%clk 0:11:31]} Rf4+ {[%clk 0:03:19]} 60. Kc5 {[%clk 0:10:54]}
Rc4+ {[%clk 0:03:42]} 61. Kd6 {[%clk 0:11:09]} Rd4+ {[%clk 0:03:26]} 62. Ke7
{[%clk 0:11:16]} Rxd7+ {[%clk 0:01:49]} 63. Bxd7 {[%clk 0:11:36]} Kxh7 {[%clk
0:02:15]} 64. Bxb5 {[%clk 0:11:59]} Kg6 {[%clk 0:02:39]} 65. Bd7 {[%clk 0:12:22]}
Kg5 {[%clk 0:02:52]} 66. b5 {[%clk 0:12:44]} Kh5 {[%clk 0:03:17]} 67. b6 {[%clk
0:13:00]} Kg6 {[%clk 0:03:40]} 68. b7 {[%clk 0:13:20]} Kg7 {[%clk 0:04:01]} 69.
b8Q {[%clk 0:13:24]} Kh7 {[%clk 0:04:22]} 70. Bf5+ {[%clk 0:13:13]} Kh6 {[%clk
0:04:43]} 71. Qf4+ {[%clk 0:13:05]} Kg7 {[%clk 0:05:04]} 72. Qg5+ {[%clk
0:12:46]} Kh8 {[%clk 0:05:14]} 73. Qh6+ {[%clk 0:13:02]} 1-0

[Event "Women's Baku Chess Olympiad"]
[Site "chess24.com"]
[Date "2016.09.13"]
[Round "11"]
[White "Paehtz, Elisabeth"]
[Black "Milliet, Sophie"]
[Result "1/2-1/2"]
[Board "1"]
[WhiteID "4641833"]
[WhiteElo "2474"]
[WhiteTitle "IM"]
[WhiteCountry "GER"]
[WhiteFideId "4641833"]
[WhiteEloChange "-2"]
[BlackID "623725"]
[BlackElo "2362"]
[BlackTitle "IM"]
[BlackCountry "FRA"]
[BlackFideId "623725"]
[BlackEloChange "3"]

1. Nf3 {[%clk 1:30:58]} Nf6 {[%clk 1:30:55]} 2. c4 {[%clk 1:31:23]} e6 {[%clk
1:31:16]} 3. g3 {[%clk 1:30:30]} a6 {[%clk 1:31:36]} 4. e3 {[%clk 1:28:34]} d5
{[%clk 1:31:29]} 5. b3 {[%clk 1:28:02]} c5 {[%clk 1:30:56]} 6. Bg2 {[%clk
1:26:15]} Nc6 {[%clk 1:28:24]} 7. O-O {[%clk 1:26:27]} dxc4 {[%clk 1:21:39]} 8.
bxc4 {[%clk 1:26:43]} Qd3 {[%clk 1:21:41]} 9. Qb3 {[%clk 1:16:28]} Qxb3 {[%clk
1:19:31]} 10. axb3 {[%clk 1:16:52]} e5 {[%clk 1:08:06]} 11. Nc3 {[%clk 1:16:03]}
Bf5 {[%clk 0:57:50]} 12. Nd5 {[%clk 0:59:35]} Rc8 {[%clk 0:50:57]} 13. Nxf6+
{[%clk 0:54:35]} gxf6 {[%clk 0:51:25]} 14. Ne1 {[%clk 0:54:59]} h5 {[%clk
0:47:27]} 15. Bb2 {[%clk 0:48:59]} Be7 {[%clk 0:46:25]} 16. d3 {[%clk 0:44:27]}
Nb4 {[%clk 0:28:34]} 17. Bxb7 {[%clk 0:42:20]} Rd8 {[%clk 0:28:57]} 18. Bc3
{[%clk 0:35:55]} Nxd3 {[%clk 0:21:46]} 19. Nxd3 {[%clk 0:24:07]} Rxd3 {[%clk
0:22:05]} 20. Rfc1 {[%clk 0:23:12]} O-O {[%clk 0:22:23]} 21. Rxa6 {[%clk
0:15:01]} Rb8 {[%clk 0:22:24]} 22. Ra8 {[%clk 0:13:10]} Rdd8 {[%clk 0:22:49]} 23.
Rxb8 {[%clk 0:13:36]} Rxb8 {[%clk 0:23:16]} 24. Bf3 {[%clk 0:14:01]} Bg4 {[%clk
0:06:55]} 25. Bxg4 {[%clk 0:13:11]} hxg4 {[%clk 0:07:23]} 26. Rb1 {[%clk
0:13:32]} e4 {[%clk 0:07:36]} 27. h3 {[%clk 0:12:10]} gxh3 {[%clk 0:07:59]} 28.
Kh2 {[%clk 0:12:35]} Kg7 {[%clk 0:07:16]} 29. Kxh3 {[%clk 0:12:58]} Kg6 {[%clk
0:07:37]} 30. Kg2 {[%clk 0:11:06]} Bd6 {[%clk 0:04:29]} 31. Kf1 {[%clk 0:10:37]}
Kg5 {[%clk 0:02:49]} 32. Ke2 {[%clk 0:09:33]} f5 {[%clk 0:03:16]} 33. Kf1 {[%clk
0:08:11]} Kg4 {[%clk 0:02:25]} 34. Kg2 {[%clk 0:08:34]} Be7 {[%clk 0:00:56]} 35.
Be5 {[%clk 0:08:05]} Rb7 {[%clk 0:00:57]} 36. Rd1 {[%clk 0:06:24]} Rxb3 {[%clk
0:00:43]} 37. Rd7 {[%clk 0:06:48]} Bg5 {[%clk 0:00:44]} 38. Rc7 {[%clk 0:05:49]}
Bxe3 {[%clk 0:00:31]} 39. fxe3 {[%clk 0:06:04]} Rxe3 {[%clk 0:00:56]} 40. Rxc5
{[%clk 0:34:14]} Re2+ {[%clk 0:31:17]} 41. Kf1 {[%clk 0:31:48]} Rc2 {[%clk
0:30:53]} 42. Bd6 {[%clk 0:21:38]} f6 {[%clk 0:19:12]} 43. Bf4 {[%clk 0:15:39]}
e3 {[%clk 0:16:26]} 44. Bxe3 {[%clk 0:14:20]} Kxg3 {[%clk 0:16:47]} 45. Ke1
{[%clk 0:07:45]} f4 {[%clk 0:16:42]} 46. Kd1 {[%clk 0:07:14]} Rh2 {[%clk
0:11:20]} 47. Bd4 {[%clk 0:06:01]} f3 {[%clk 0:11:23]} 48. Rd5 {[%clk 0:06:03]}
Rh4 {[%clk 0:08:12]} 49. Kd2 {[%clk 0:04:42]} Rf4 {[%clk 0:02:47]} 50. c5 {[%clk
0:03:59]} f2 {[%clk 0:03:10]} 51. Bxf2+ {[%clk 0:04:25]} Rxf2+ {[%clk 0:03:23]}
52. Kc3 {[%clk 0:03:09]} Rf1 {[%clk 0:03:10]} 53. Rd2 {[%clk 0:02:21]} Re1 {[%clk
0:01:49]} 54. Kd4 {[%clk 0:02:40]} Re8 {[%clk 0:01:34]} 55. Rd3+ {[%clk 0:01:28]}
Kg4 {[%clk 0:02:02]} 56. c6 {[%clk 0:01:47]} f5 {[%clk 0:01:31]} 57. c7 {[%clk
0:00:45]} Rc8 {[%clk 0:01:41]} 58. Rc3 {[%clk 0:01:11]} f4 {[%clk 0:01:54]} 59.
Kd5 {[%clk 0:01:38]} f3 {[%clk 0:02:03]} 60. Kd6 {[%clk 0:02:04]} f2 {[%clk
0:02:10]} 61. Rc1 {[%clk 0:02:31]} Kf3 {[%clk 0:02:34]} 62. Kd7 {[%clk 0:02:58]}
Rxc7+ {[%clk 0:03:00]} 63. Kxc7 {[%clk 0:03:23]} Kg2 {[%clk 0:03:24]} 64. Kd6
{[%clk 0:03:50]} f1Q {[%clk 0:03:49]} 65. Rxf1 {[%clk 0:04:17]} Kxf1 {[%clk
0:03:49]} 1/2-1/2

[Event "Women's Baku Chess Olympiad"]
[Site "chess24.com"]
[Date "2016.09.13"]
[Round "11"]
[White "Collas, Silvia"]
[Black "Michna, Marta"]
[Result "1-0"]
[Board "2"]
[WhiteID "2902265"]
[WhiteElo "2301"]
[WhiteTitle "IM"]
[WhiteCountry "FRA"]
[WhiteFideId "2902265"]
[WhiteEloChange "12"]
[BlackID "1106686"]
[BlackElo "2383"]
[BlackTitle "WGM"]
[BlackCountry "GER"]
[BlackFideId "1106686"]
[BlackEloChange "-12"]

1. d4 {[%clk 1:30:54]} Nf6 {[%clk 1:30:51]} 2. c4 {[%clk 1:30:46]} c5 {[%clk
1:31:10]} 3. d5 {[%clk 1:30:36]} e5 {[%clk 1:31:20]} 4. Nc3 {[%clk 1:30:02]} d6
{[%clk 1:31:46]} 5. e4 {[%clk 1:29:31]} Be7 {[%clk 1:32:06]} 6. g3 {[%clk
1:29:00]} O-O {[%clk 1:30:45]} 7. h4 {[%clk 1:29:22]} Na6 {[%clk 1:19:41]} 8. Bh3
{[%clk 1:26:42]} Bxh3 {[%clk 1:04:27]} 9. Rxh3 {[%clk 1:27:05]} Qd7 {[%clk
1:00:46]} 10. Kf1 {[%clk 1:23:57]} Nc7 {[%clk 1:00:58]} 11. Qd3 {[%clk 1:21:08]}
b5 {[%clk 0:58:32]} 12. cxb5 {[%clk 1:13:59]} Rfb8 {[%clk 0:58:52]} 13. a4 {[%clk
1:14:23]} a6 {[%clk 0:58:44]} 14. bxa6 {[%clk 1:14:29]} Nxa6 {[%clk 0:53:12]} 15.
Kg2 {[%clk 1:13:28]} Nb4 {[%clk 0:44:50]} 16. Qe2 {[%clk 1:12:56]} c4 {[%clk
0:38:34]} 17. Qxc4 {[%clk 1:10:39]} Nc2 {[%clk 0:38:14]} 18. Rb1 {[%clk 1:10:06]}
Rb4 {[%clk 0:29:46]} 19. Qe2 {[%clk 1:09:39]} Nd4 {[%clk 0:29:37]} 20. Qd3 {[%clk
1:09:40]} Rb3 {[%clk 0:23:08]} 21. Qd1 {[%clk 0:57:22]} Qb7 {[%clk 0:14:13]} 22.
Ra1 {[%clk 0:56:55]} Rb4 {[%clk 0:11:26]} 23. f3 {[%clk 0:52:40]} Nd7 {[%clk
0:06:41]} 24. Ra2 {[%clk 0:48:40]} Nc5 {[%clk 0:05:51]} 25. Kh1 {[%clk 0:43:07]}
f5 {[%clk 0:04:14]} 26. exf5 {[%clk 0:39:50]} Nxf5 {[%clk 0:04:38]} 27. g4 {[%clk
0:34:08]} Nd4 {[%clk 0:05:01]} 28. Rh2 {[%clk 0:34:31]} Rf8 {[%clk 0:04:21]} 29.
Be3 {[%clk 0:33:34]} Qa6 {[%clk 0:03:41]} 30. Ra3 {[%clk 0:30:04]} Qc4 {[%clk
0:03:39]} 31. a5 {[%clk 0:26:10]} Nd3 {[%clk 0:02:17]} 32. a6 {[%clk 0:24:56]}
Nxb2 {[%clk 0:01:14]} 33. Qa1 {[%clk 0:24:58]} Nxf3 {[%clk 0:01:11]} 34. Rxb2
{[%clk 0:24:32]} Rxb2 {[%clk 0:01:09]} 35. Qxb2 {[%clk 0:24:40]} Qxg4 {[%clk
0:01:28]} 36. Ra4 {[%clk 0:14:40]} Nd4 {[%clk 0:01:54]} 37. a7 {[%clk 0:13:17]}
Rf1 {[%clk 0:01:09]} 38. a8Q+ {[%clk 0:12:48]} Bf8 {[%clk 0:01:35]} 39. Qh2
{[%clk 0:09:27]} Rxg1+ {[%clk 0:01:21]} 40. Bxg1 {[%clk 0:39:21]} 1-0

[Event "Women's Baku Chess Olympiad"]
[Site "chess24.com"]
[Date "2016.09.13"]
[Round "11"]
[White "Navrotescu, Andreea-Cristiana"]
[Black "Lubbe, Melanie"]
[Result "1-0"]
[Board "4"]
[WhiteID "675946"]
[WhiteElo "2235"]
[WhiteTitle "WIM"]
[WhiteCountry "FRA"]
[WhiteFideId "675946"]
[WhiteEloChange "13"]
[BlackID "4690745"]
[BlackElo "2324"]
[BlackTitle "WGM"]
[BlackCountry "GER"]
[BlackFideId "4690745"]
[BlackEloChange "-13"]

1. d4 {[%clk 1:30:56]} Nf6 {[%clk 1:30:55]} 2. c4 {[%clk 1:31:20]} g6 {[%clk
1:31:21]} 3. g3 {[%clk 1:31:02]} Bg7 {[%clk 1:31:46]} 4. Bg2 {[%clk 1:31:23]} O-O
{[%clk 1:32:07]} 5. Nf3 {[%clk 1:31:39]} d6 {[%clk 1:32:31]} 6. O-O {[%clk
1:31:52]} Nc6 {[%clk 1:32:47]} 7. Nc3 {[%clk 1:32:05]} a6 {[%clk 1:33:02]} 8. d5
{[%clk 1:31:06]} Na5 {[%clk 1:33:22]} 9. b3 {[%clk 1:31:27]} c5 {[%clk 1:21:15]}
10. dxc6 {[%clk 1:30:35]} Nxc6 {[%clk 1:20:04]} 11. Bb2 {[%clk 1:30:50]} Qa5
{[%clk 1:12:35]} 12. Qc1 {[%clk 1:29:21]} Qh5 {[%clk 1:05:37]} 13. h4 {[%clk
1:04:24]} Bd7 {[%clk 1:00:38]} 14. Na4 {[%clk 1:03:40]} Qa5 {[%clk 0:53:14]} 15.
c5 {[%clk 0:58:15]} Rad8 {[%clk 0:48:27]} 16. cxd6 {[%clk 0:55:30]} exd6 {[%clk
0:48:49]} 17. Qd2 {[%clk 0:45:50]} b5 {[%clk 0:37:02]} 18. Qxa5 {[%clk 0:31:11]}
Nxa5 {[%clk 0:37:26]} 19. Nb6 {[%clk 0:27:30]} Bc6 {[%clk 0:29:45]} 20. Rac1
{[%clk 0:25:14]} Nd7 {[%clk 0:21:54]} 21. Bxg7 {[%clk 0:25:19]} Kxg7 {[%clk
0:22:19]} 22. Nxd7 {[%clk 0:24:55]} Rxd7 {[%clk 0:22:13]} 23. Rfd1 {[%clk
0:24:57]} Re8 {[%clk 0:18:53]} 24. Rd2 {[%clk 0:23:56]} Be4 {[%clk 0:17:41]} 25.
Bh3 {[%clk 0:22:00]} f5 {[%clk 0:17:23]} 26. Nd4 {[%clk 0:21:48]} Kf6 {[%clk
0:16:35]} 27. f3 {[%clk 0:20:06]} Bb7 {[%clk 0:15:16]} 28. e4 {[%clk 0:18:58]}
Re5 {[%clk 0:14:43]} 29. exf5 {[%clk 0:18:43]} gxf5 {[%clk 0:14:31]} 30. f4
{[%clk 0:16:53]} Rc5 {[%clk 0:09:06]} 31. Re1 {[%clk 0:16:53]} Nc6 {[%clk
0:08:52]} 32. Re6+ {[%clk 0:11:44]} Kf7 {[%clk 0:08:55]} 33. Nxf5 {[%clk
0:12:00]} Rc1+ {[%clk 0:04:15]} 34. Kf2 {[%clk 0:12:26]} Kxe6 {[%clk 0:03:00]}
35. Nxd6+ {[%clk 0:12:51]} Ke7 {[%clk 0:02:52]} 36. Bxd7 {[%clk 0:13:16]} Kxd7
{[%clk 0:02:57]} 37. Nxb7+ {[%clk 0:13:42]} Ke6 {[%clk 0:02:27]} 38. g4 {[%clk
0:13:34]} Nb4 {[%clk 0:01:29]} 39. f5+ {[%clk 0:12:05]} Ke5 {[%clk 0:01:41]} 40.
Nd8 {[%clk 0:34:01]} h5 {[%clk 0:30:43]} 41. Nf7+ {[%clk 0:16:38]} Kf6 {[%clk
0:30:37]} 42. Nh6 {[%clk 0:16:22]} hxg4 {[%clk 0:28:29]} 43. Kg3 {[%clk 0:16:45]}
Rg1+ {[%clk 0:15:41]} 44. Kf4 {[%clk 0:17:14]} Rf1+ {[%clk 0:14:49]} 45. Kxg4
{[%clk 0:17:30]} Rg1+ {[%clk 0:14:47]} 46. Kh5 {[%clk 0:17:11]} Rg3 {[%clk
0:13:34]} 47. Rd6+ {[%clk 0:16:47]} Ke7 {[%clk 0:11:01]} 48. Rg6 {[%clk 0:11:05]}
Rf3 {[%clk 0:11:19]} 49. f6+ {[%clk 0:11:09]} Kd7 {[%clk 0:11:32]} 50. Rg7+
{[%clk 0:10:43]} Ke6 {[%clk 0:09:56]} 51. Re7+ {[%clk 0:10:55]} Kd6 {[%clk
0:10:01]} 52. Nf7+ {[%clk 0:09:20]} Kc5 {[%clk 0:09:20]} 53. Ng5 {[%clk 0:09:26]}
Rf1 {[%clk 0:08:02]} 54. f7 {[%clk 0:09:22]} Nd5 {[%clk 0:08:23]} 55. Re1 {[%clk
0:07:18]} Rf5 {[%clk 0:06:56]} 56. f8Q+ {[%clk 0:07:18]} 1-0